Jazyk MICROMUMPS Kurz
Gespeichert in:
| 1. Verfasser: | |
|---|---|
| Weitere Verfasser: | |
| Format: | Buch |
| Sprache: | Slowakisch |
| Veröffentlicht: |
Bratislava
Dom techn. ČSVTS
1988
|
| Ausgabe: | 1. vyd. |
| Tags: |
Keine Tags, Fügen Sie das erste Tag hinzu!
|
MARC
| LEADER | 00000nam a2200000 4500 | ||
|---|---|---|---|
| 001 | c030881 | ||
| 005 | 20221219091705.4 | ||
| 041 | 0 | |a slo | |
| 044 | |a SK | ||
| 245 | 1 | 0 | |a Jazyk MICROMUMPS |b Kurz |c Magda Guregová, Peter Ottis |
| 250 | |a 1. vyd. | ||
| 264 | 1 | |a Bratislava |b Dom techn. ČSVTS |c 1988 | |
| 300 | |a 46 s. | ||
| 100 | 1 | |a Guregová, Magda | |
| 700 | 1 | |a Ottis, Peter | |